000 00222nam a22000857a 4500
008 160708b xxu||||| |||| 00| 0 eng d
100 _92412
_a Burnie, D
245 _aMachines And How They Work
260 _aLondon
_b Dorling
_c1990
999 _c2087
_d2087